| 000 | 00353nam a2200121 a 4500 | ||
|---|---|---|---|
| 005 | 20140414131852.0 | ||
| 008 | 100807s19uu xx 00 eng d | ||
| 050 |
_aM 615.88 _bY3 2003 |
||
| 245 |
_aHome remedies : _ba guide to symptoms and cures. |
||
| 260 |
_aManila, Philippines : _bWS Pacific, _c2003. |
||
| 650 | _aHollistic medicines | ||
| 999 |
_c110255 _d110255 |
||